BIBLIOTECA PODER JUDICIAL
Portal Judicial TDF

Consentimiento de una entrega y potestad institucional : (Registro nro. 6337)

000 -LEADER
fixed length control field 01662nab a22002777a 4500
003 - CONTROL NUMBER IDENTIFIER
control field OSt
005 - DATE AND TIME OF LATEST TRANSACTION
control field 20260130213503.0
008 - FIXED-LENGTH DATA ELEMENTS--GENERAL INFORMATION
fixed length control field 190603e xxum|||| |||| 00| 0 spa d
040 ## - CATALOGING SOURCE
Transcribing agency PJ
100 ## - MAIN ENTRY--PERSONAL NAME
9 (RLIN) 4767
Personal name Jáuregui, Rodolfo G.
245 10 - TITLE STATEMENT
Title Consentimiento de una entrega y potestad institucional :
Remainder of title una coreografía judicial sin red afectiva (ni normativa). La deconstrucción de una práctica judicial. Del texto al contexto /
Statement of responsibility, etc Rodolfo G. Jáuregui.
260 ## - PUBLICATION, DISTRIBUTION, ETC. (IMPRINT)
Date of publication, distribution, etc Ciudad Autónoma de Buenos Aires :
Place of publication, distribution, etc Thomson Reuters La Ley,
Name of publisher, distributor, etc 2025.
300 ## - PHYSICAL DESCRIPTION
Extent p. 148-155
500 ## - GENERAL NOTE
General note Cita: TR LALEY AR/DOC/2247/2025 <br/>Publicado en: RCCyC 2025 (Octubre).
505 ## - FORMATTED CONTENTS NOTE
Formatted contents note Sumario: I. La madre y el sistema judicial: texto y contexto familiar cancelado.— II. El texto y el contexto normativo (de nuevo divorciados). Genealogía y actualidad del art. 607 inc. b) del Cód. Civ. y Com.— III. Conclusión final: ética, rostro y el silencio institucional.
505 ## - FORMATTED CONTENTS NOTE
Formatted contents note Fallo comentado: SC Mendoza, sala I ~ 27/02/2025 ~ M. M. D. A. s/ su hijo por nacer s/ medidas de protección de derechos s/ recurso extraordinario provincial (ley 9423).
505 ## - FORMATTED CONTENTS NOTE
Title ¿Te interesa el texto completo? Solicitalo al correo: koha@justierradelfuego.gov.ar
650 #0 - SUBJECT ADDED ENTRY--TOPICAL TERM
9 (RLIN) 967
Topical term or geographic name as entry element DERECHO DE FAMILIA
650 #0 - SUBJECT ADDED ENTRY--TOPICAL TERM
9 (RLIN) 974
Topical term or geographic name as entry element ADOPCIÓN
650 #0 - SUBJECT ADDED ENTRY--TOPICAL TERM
9 (RLIN) 4097
Topical term or geographic name as entry element INTERES SUPERIOR DEL NIÑO
650 #0 - SUBJECT ADDED ENTRY--TOPICAL TERM
9 (RLIN) 2345
Topical term or geographic name as entry element DERECHO A LA IDENTIDAD
650 #0 - SUBJECT ADDED ENTRY--TOPICAL TERM
9 (RLIN) 4273
Topical term or geographic name as entry element CONSENTIMIENTO INFORMADO
650 #0 - SUBJECT ADDED ENTRY--TOPICAL TERM
9 (RLIN) 3533
Topical term or geographic name as entry element INTERPRETACION DE LA LEY
773 0# - HOST ITEM ENTRY
Host Biblionumber 2713
Host Itemnumber 3170
Place, publisher, and date of publication Ciudad Autónoma de Buenos Aires : Thomson Reuters La Ley, 2015-
Title Revista Código Civil y Comercial. Nº 5 - Octubre 2025
942 ## - ADDED ENTRY ELEMENTS (KOHA)
Source of classification or shelving scheme
Koha item type Analítica Artículo de Revista

No hay ítems disponibles.

12 de Octubre 789 Ushuaia - Tel:  54(02901)441571
Horario de Atención: 8.00 a 17.00 hs. 
bibliotecaush@justierradelfuego.gov.ar
koha@justierradelfuego.gov.ar
Seguinos en nuestras redes @bibliojustdf 

Con tecnología Koha